[Event "Assisi op-B 4th"]
[Site "Assisi"]
[Date "2008.12.20"]
[Round "1"]
[White "Ciuchi, Francesco"]
[Black "Serafini, Gino"]
[Result "1-0"]
[WhiteElo "1440"]
[BlackElo "1863"]
[PlyCount "109"]
[EventDate "2008.12.20"]
[EventType "swiss"]
[EventRounds "7"]
[EventCountry "ITA"]
[SourceTitle "EXT 2010"]
[Source "ChessBase"]
[SourceDate "2010.11.25"]
[SourceVersion "1"]
[SourceVersionDate "2010.11.25"]
[SourceQuality "1"]

1. e4 e6 2. d4 d5 3. exd5 exd5 4. Nf3 Nf6 5. Bd3 Bg4 6. 0-0 Be7 7. h3 Bh5 8. c3 Nbd7 9. Be3 0-0 10. Nbd2 c5 11. Qc2 c4 12. Be2 Bg6 13. Qc1 Rc8 14. Re1 Bd6 15. Nf1 b5 16. Bf4 Bxf4 17. Qxf4 Qb6 18. a3 Rce8 19. Ng3 Ne4 20. Ng5 Nxg3 21. Qxg3 h6 22. Nf3 Nf6 23. Ne5 Bf5 24. Qf4 Be6 25. Bf3 Re7 26. Re2 Rfe8 27. Rae1 Qc7 28. Ng6 Qxf4 29. Nxf4 g5 30. Nxd5 Nxd5 31. Bxd5 Kf8 32. Bc6 Rd8 33. d5 Bxd5 34. Rxe7 Bxc6 35. Rc7 Rd6 36. Ree7 Rd1+ 37. Kh2 Bd5 38. Red7 Ke8 39. Re7+ Kf8 40. Rcd7 Rd3 41. Re5 Be6 42. Rxd3 cxd3 43. Re4 a5 44. Rd4 Bf5 45. g4 Bg6 46. Kg3 Ke7 47. Kf3 Ke6 48. Ke3 f5 49. Kd2 f4 50. f3 Ke5 51. Rd7 h5 52. Rb7 b4 53. axb4 axb4 54. Rxb4 hxg4 55. hxg4 1-0

[Event "Foligno op"]
[Site "Foligno"]
[Date "2008.06.07"]
[Round "3"]
[White "Serafini, Gino"]
[Black "Miconi, Francesco"]
[Result "1/2-1/2"]
[WhiteElo "1863"]
[BlackElo "1608"]
[PlyCount "80"]
[EventDate "2008.06.06"]
[EventType "swiss"]
[EventRounds "6"]
[EventCountry "ITA"]
[SourceTitle "EXT 2009"]
[Source "ChessBase"]
[SourceDate "2008.11.26"]
[SourceVersion "1"]
[SourceVersionDate "2008.11.26"]
[SourceQuality "1"]

1. d4 Nf6 2. Bf4 g6 3. Nf3 Bg7 4. e3 d6 5. h3 0-0 6. Nbd2 c5 7. c3 Nc6 8. Be2 Re8 9. 0-0 e5 10. Bh2 e4 11. Ne1 cxd4 12. cxd4 d5 13. a3 Be6 14. Rc1 Nd7 15. b4 Rc8 16. f4 exf3 17. Nexf3 f5 18. b5 Ncb8 19. Rxc8 Qxc8 20. Qc1 Bf7 21. Bf4 Nf8 22. Ne5 Nbd7 23. Nxf7 Kxf7 24. Nf3 Ne6 25. Ng5+ Nxg5 26. Bxg5 Kg8 27. Bf3 Nb6 28. Qc5 Qd7 29. Bf4 Rc8 30. Qb4 Bf8 31. Qb3 Nc4 32. Rc1 Kh8 33. Kh1 Be7 34. Be5+ Kg8 35. g4 Bg5 36. gxf5 Kf8 37. Kh2 Qxf5 38. Bg2 Qe6 39. Rf1+ Ke8 40. Qb4 Be7 1/2-1/2

[Event "Porto Sant Elpidio op-A 10th"]
[Site "Porto Sant Elpidio"]
[Date "2007.12.02"]
[Round "6"]
[White "Serafini, Gino"]
[Black "Faini, Marco"]
[Result "1-0"]
[WhiteElo "1831"]
[BlackElo "1860"]
[PlyCount "129"]
[EventDate "2007.11.24"]
[EventType "swiss"]
[EventRounds "6"]
[EventCountry "ITA"]
[SourceTitle "EXT 2010"]
[Source "ChessBase"]
[SourceDate "2010.11.25"]
[SourceVersion "1"]
[SourceVersionDate "2010.11.25"]
[SourceQuality "1"]

1. d4 d5 2. Nf3 e6 3. Bf4 c6 4. Nbd2 Nf6 5. h3 Bd6 6. Ne5 Qe7 7. Ndf3 Nbd7 8. Bh2 Ne4 9. e3 Nxe5 10. dxe5 Bb4+ 11. c3 Nxc3 12. bxc3 Bxc3+ 13. Nd2 Bxa1 14. Qxa1 b6 15. Be2 Bb7 16. 0-0 0-0 17. Nf3 c5 18. Bf4 Rac8 19. Qb1 h6 20. g4 Rfd8 21. g5 hxg5 22. Bxg5 f6 23. exf6 gxf6 24. Qg6+ Qg7 25. Qxf6 Qxf6 26. Bxf6 Rf8 27. Be5 Rf5 28. Kh2 d4 29. Rg1+ Kf8 30. Bd6+ Ke8 31. Bb5+ Bc6 32. Rg8+ Kd7 33. Rxc8 Kxc8 34. Bxc6 d3 35. Be4 d2 36. Nxd2 Rxf2+ 37. Kg3 Rxd2 38. Be5 c4 39. h4 Rd1 40. h5 Rd8 41. h6 b5 42. h7 b4 43. h8Q Rxh8 44. Bxh8 a5 45. a4 Kc7 46. Bd4 Kd6 47. Kf4 c3 48. Bc2 Kd5 49. Bb3+ Kd6 50. Ke4 Kc6 51. Ke5 Kd7 52. Bxe6+ Kc6 53. Bb3 Kd7 54. Kd5 c2 55. Bxc2 b3 56. Bxb3 Ke7 57. e4 Kd7 58. e5 Kc7 59. Bc5 Kb7 60. e6 Ka6 61. e7 Kb7 62. e8Q Kc7 63. Bd6+ Kb6 64. Qb5+ Ka7 65. Qb8+ 1-0

[Event "Porto Sant Elpidio op-B 7th"]
[Site "Porto Sant Elpidio"]
[Date "2004.11.20"]
[Round "4"]
[White "Serafini, Gino"]
[Black "Cerusico, Carlo"]
[Result "1-0"]
[WhiteElo "1506"]
[BlackElo "1493"]
[PlyCount "51"]
[EventDate "2004.11.13"]
[EventType "swiss"]
[EventRounds "6"]
[EventCountry "ITA"]
[SourceTitle "EXT 2024"]
[Source "ChessBase"]
[SourceDate "2023.10.10"]
[SourceVersion "1"]
[SourceVersionDate "2023.10.10"]
[SourceQuality "1"]

1. d4 d5 2. Nf3 Nf6 3. Bf4 h6 4. h3 b6 5. e3 Bb7 6. c3 e6 7. Nbd2 Be7 8. Bd3 0-0 9. 0-0 Re8 10. Rc1 Nbd7 11. Bb1 c5 12. Ne5 cxd4 13. exd4 Rc8 14. Bh2 b5 15. f4 Ne4 16. Nxe4 dxe4 17. Qh5 Rf8 18. Qe2 Nxe5 19. fxe5 Bg5 20. Bf4 Bxf4 21. Rxf4 Qg5 22. Rcf1 e3 23. Rg4 Qe7 24. Qxe3 Kh8 25. Rf6 g6 26. Qxh6+ 1-0